00279nam a2200121Ia 4500008004100000100001000041245002100051260003200072300000900104650002000113942000700133999001700140190216s9999||||xx |||||||||||||| ||und|| aUroob 0aVasantayute Amma bPoorna Pubs Kozhikodec1972 a120p aMalayalam Novel cBK c26986d26986